| 000 | 01498cam a22003137a 4500 | ||
|---|---|---|---|
| 001 | 17132172 | ||
| 003 | Nust- CAS-E | ||
| 005 | 20180118181352.0 | ||
| 008 | 120124s2011 enka b 001 0 eng d | ||
| 010 | _a 2011276657 | ||
| 020 | _a9781849961745 (alk. paper) | ||
| 020 | _a1849961743 (alk. paper) | ||
| 035 | _a(OCoLC)ocn703374809 | ||
| 040 |
_aYDXCP _cYDXCP _dBWX _dJID _dAGL _dCDX _dDLC |
||
| 042 | _alccopycat | ||
| 050 | 0 | 0 |
_aTJ828 _b.W66 2011 |
| 070 | 0 |
_aTJ828 _b.W66 2011 |
|
| 082 | 0 | 0 |
_a621.45 _223 _bWOO 2011 |
| 100 | 1 | _aWood, David. | |
| 245 | 1 | 0 |
_aSmall wind turbines : _banalysis, design, and application / _cDavid Wood. |
| 260 |
_aLondon ; _aNew York : _bSpringer, _cc2011. |
||
| 300 |
_axix, 270 p. : _bill. ; _c24 cm. |
||
| 505 | 0 | _aIntroduction to wind turbine technology -- Control volume analysis for wind turbines -- Blade element theory for wind turbines -- Aerofoils: lift, drag, and circulation -- Blade element calculations -- Starting and low wind speed performance -- Blade design, manufacture, and testing -- The unsteady aerodynamics of turbine yaw and over-speed protection -- Using the IEC simple load model for small wind turbines -- Tower design and manufacture -- Generator and electrical system -- Site assessment and installation. | |
| 650 | 0 | _aWind turbines. | |
| 650 | 0 | _aWind power. | |
| 906 |
_a7 _bcbc _ccopycat _d2 _encip _f20 _gy-gencatlg |
||
| 942 |
_2ddc _cBK |
||
| 999 |
_c355178 _d355178 |
||